Research Methods of Business: (Record no. 233549)
[ view plain ]
| 000 -LEADER | |
|---|---|
| fixed length control field | 00724nam a22002417a 4500 |
| 005 - DATE AND TIME OF LATEST TRANSACTION | |
| control field | 20250107162802.0 |
| 008 - FIXED-LENGTH DATA ELEMENTS--GENERAL INFORMATION | |
| fixed length control field | 250107b ||||| |||| 00| 0 eng d |
| 020 ## - INTERNATIONAL STANDARD BOOK NUMBER | |
| International Standard Book Number | 9789354244773 |
| 040 ## - CATALOGING SOURCE | |
| Transcribing agency | AL |
| 041 ## - LANGUAGE CODE | |
| Language code of text/sound track or separate title | English |
| 082 ## - DEWEY DECIMAL CLASSIFICATION NUMBER | |
| Edition number | 23 |
| Classification number | 650.072 |
| Item number | BOUR |
| 100 ## - MAIN ENTRY--PERSONAL NAME | |
| Personal name | Roger Bougie |
| 100 ## - MAIN ENTRY--PERSONAL NAME | |
| 9 (RLIN) | 192532 |
| 245 ## - TITLE STATEMENT | |
| Title | Research Methods of Business: |
| Remainder of title | A Skill-Building Approach |
| 250 ## - EDITION STATEMENT | |
| Edition statement | 8. |
| 260 ## - PUBLICATION, DISTRIBUTION, ETC. | |
| Place of publication, distribution, etc. | New Delhi |
| Name of publisher, distributor, etc. | Wiley India Pvt Ltd |
| Date of publication, distribution, etc. | 2024 |
| 300 ## - PHYSICAL DESCRIPTION | |
| Extent | xxxiii,114 p. |
| Other physical details | PB |
| Dimensions | 26x20 cm. |
| 365 ## - TRADE PRICE | |
| Price type code | CCX2-1707618 |
| Price amount | ₹691.00 |
| Currency code | ₹ |
| Unit of pricing | ₹691.00 |
| Price effective from | 17-12-2024 |
| 650 ## - SUBJECT ADDED ENTRY--TOPICAL TERM | |
| Topical term or geographic name entry element | Business |
| 9 (RLIN) | 192533 |
| 650 ## - SUBJECT ADDED ENTRY--TOPICAL TERM | |
| Topical term or geographic name entry element | Research--Methodology |
| 9 (RLIN) | 192534 |
| 700 ## - ADDED ENTRY--PERSONAL NAME | |
| Personal name | SEKARAN (Uma) |
| 9 (RLIN) | 192535 |
| 700 ## - ADDED ENTRY--PERSONAL NAME | |
| Personal name | SRIVASTAVA (Mala) |
| 9 (RLIN) | 192536 |
| 942 ## - ADDED ENTRY ELEMENTS (KOHA) | |
| Source of classification or shelving scheme | Dewey Decimal Classification |
| Koha item type | Book |
| Withdrawn status | Lost status | Source of classification or shelving scheme | Damaged status | Not for loan | Collection code | Home library | Current library | Date acquired | Source of acquisition | Cost, normal purchase price | Total Checkouts | Full call number | Barcode | Date last seen | Cost, replacement price | Price effective from | Koha item type |
|---|---|---|---|---|---|---|---|---|---|---|---|---|---|---|---|---|---|
| Dewey Decimal Classification | Management | St Aloysius Library | St Aloysius Library | 01/04/2025 | amazon.in | 691.00 | 650.072 BOUR | 077485 | 01/07/2025 | 691.00 | 01/07/2025 | Book |